000 00473nam a2200181Ia 4500
003 IN-BaIIA
008 211028s9999 xx 000 0 eng d
020 _a81-7371-095-3
040 _cIIA Library
080 _a53
_bMUK
100 _aMukunda, N
_919517
245 0 _aImages of twentieth century physics
_cN. Mukunda
260 _aHyderabad
_bUniversities Press
_c2000
300 _axi, 123p.
490 _aEducational monographs
650 _aPhysics
_973
942 _cBK
999 _c14300
_d14300